[Event "35 Open Ciudad de San Sebastián"]
[Site "San Sebastian ESP"]
[Date "2012.04.07"]
[Round "9.15"]
[White "Moen, Andreas"]
[Black "Miguelez Garcia, Erlantz"]
[Result "1-0"]
[WhiteElo "2360"]
[BlackElo "2022"]
[PlyCount "120"]
[EventDate "2012.03.31"]
[EventType "swiss"]
[EventRounds "9"]
[EventCountry "ESP"]
[Source "lmi"]
[SourceDate "2012.03.31"]

1. e4 c6 2. d4 d5 3. Nd2 dxe4 4. Nxe4 Bf5 5. Ng3 Bg6 6. Nh3 e6 7. Nf4 Ne7 8. h4
Nd7 9. Bc4 Nd5 10. h5 Nxf4 11. Bxf4 Bf5 12. Qd2 Nb6 13. Bb3 Nd5 14. Nxf5 exf5
15. O-O-O Be7 16. Bxd5 cxd5 17. Rde1 O-O 18. Re2 Qd7 19. Rhe1 Rfe8 20. Qe3 Kf8
21. c3 f6 22. Qd3 Kg8 23. Re6 Bf8 24. Qxf5 Rxe6 25. Qxe6+ Qxe6 26. Rxe6 Kf7 27.
Re1 Rc8 28. Kd2 b5 29. Kd3 g6 30. hxg6+ hxg6 31. b3 a6 32. Ra1 g5 33. Bd2 Rc6
34. a4 Rb6 35. axb5 axb5 36. g4 Kg6 37. f3 Bd6 38. Ra8 Kf7 39. Kc2 Ke6 40. Be3
Rb7 41. Ra6 Kd7 42. Bc1 Rb8 43. Kd3 Rb7 44. Bd2 Rb8 45. f4 Bxf4 46. Bxf4 gxf4
47. Rxf6 Rh8 48. Rxf4 Rh3+ 49. Kc2 Rh2+ 50. Kc1 Rg2 51. Rf7+ Kc6 52. Rf6+ Kc7
53. Rg6 Rg1+ 54. Kb2 Rd1 55. Ka3 Rd3 56. Kb4 Rg3 57. Rg8 Kc6 58. g5 Kd6 59. g6
Ke7 60. g7 Kf7 1-0

[Event "35 Open Ciudad de San Sebastián"]
[Site "San Sebastian ESP"]
[Date "2012.04.07"]
[Round "9.16"]
[White "Aranaz Portugues, Jose Carlos"]
[Black "Stigar, Petter"]
[Result "0-1"]
[WhiteElo "2177"]
[BlackElo "2310"]
[PlyCount "136"]
[EventDate "2012.03.31"]
[EventType "swiss"]
[EventRounds "9"]
[EventCountry "ESP"]
[Source "lmi"]
[SourceDate "2012.03.31"]

1. d4 d5 2. c4 e6 3. Nc3 Nf6 4. cxd5 exd5 5. Bg5 Be7 6. e3 O-O 7. Bd3 Nbd7 8.
Nge2 Re8 9. Qc2 Nf8 10. O-O c6 11. a3 Ng6 12. b4 a6 13. Na4 Bd6 14. Ng3 h6 15.
Bxf6 Qxf6 16. Nc5 Nh4 17. Rae1 Bxc5 18. bxc5 Bh3 19. Rb1 Bxg2 20. Rfc1 Bh3 21.
Be2 Re7 22. Qd1 Rae8 23. Rb3 Qg5 24. Rcb1 Nf5 25. Bf3 Qf6 26. Rxb7 Rxb7 27.
Rxb7 Nxd4 28. Bg4 Bxg4 29. Qxg4 Nf3+ 30. Kg2 Ne1+ 31. Kh3 Nd3 32. Qf5 Nxf2+ 33.
Kg2 Qxf5 34. Nxf5 Ne4 35. Rb6 Re6 36. Rxc6 Rxc6 37. Ne7+ Kf8 38. Nxc6 Nxc5 39.
Nb4 Ke7 40. Nxd5+ Ke6 41. Nb4 a5 42. Nc6 a4 43. Nb4 Ne4 44. Kf3 f5 45. Nd3 g5
46. Nb2 Nc5 47. Nc4 Kf6 48. Nb6 h5 49. Nd5+ Ke5 50. Nc3 g4+ 51. Ke2 h4 52. Nb5
Ne4 53. Kf1 Kd5 54. Ke2 h3 55. Kf1 Kc4 56. Nd4 f4 57. Nf5 fxe3 58. Nxe3+ Kb3
59. Nxg4 Kxa3 60. Ne3 Kb3 61. Ke2 a3 62. Kd3 a2 63. Nc2 Nf2+ 64. Kd2 Ng4 65.
Kc1 Nxh2 66. Nd4+ Kc4 67. Nc2 Nf1 68. Kb2 h2 0-1